Les buteurs de l'Italie au Championnat d'Europe de football 2016 - Statistiques

Statistiques générales
  • Ce quiz a été pris 31 fois
  • Le résultat moyen est 5 sur 6
Statistiques - réponses
Match Minute Buteur % Correct
Belgique - Italie 0-2 90+2' Graziano Pellè
92%
Italie - Espagne 2-0 90+1' Graziano Pellè
92%
Italie - Suède 1-0 88' Éder
83%
Italie - Espagne 2-0 33' Giorgio Chiellini
75%
Allemagne- Italie 1-1 (a.p.) (6-5 Tirs au but) 78' Leonardo Bonucci
75%
Belgique - Italie 0-2 32' Emanuele Giaccherini
42%
Aucun quiz correspondant
Distribution des résultats
% des personnes avec chaque résultat
Percentile par nombre de réponses
Votre historique - résultats
Vous n’avez pas pris ce quiz